Education Vouchers : Constitutional Issues and Cases.

Examines constitutional standards the Supreme Court has articulated both for direct public aid to sectarian schools and for indirect aid by way of vouchers. Summarizes recent decisions involving voucher and voucher-related programs by State and lower Federal courts.

Bibliographic Details
Corporate Authors: Library of Congress. Congressional Research Service, ProQuest (Firm)
Format: eBook
Language:English
Published: [Place of publication not identified] : [publisher not identified], 2002.
Series:U.S. Congressional Research.
Subjects:
Online Access:Connect to the full text of this electronic book

MARC

Tag First Indicator Second Indicator Subfields
LEADER 00000cam a22000001a 4500
001 in00003374445
006 m d f
007 cr bn mmmapmmp
008 100727s2002 dcu o f000 0 eng d
005 20260430195513.2
035 |a cis2007898029 
040 |a ProQuest  |c ProQuest  |d UtOrBLW 
043 |a n-us--- 
099 |a CRS-2002-AML-0103 
110 2 |a Library of Congress.  |b Congressional Research Service. 
245 1 0 |a Education Vouchers :  |b Constitutional Issues and Cases. 
264 1 |a [Place of publication not identified] :  |b [publisher not identified],  |c 2002. 
300 |a 1 online resource. 
336 |a text  |b txt  |2 rdacontent 
337 |a computer  |b c  |2 rdamedia 
338 |a online resource  |b cr  |2 rdacarrier 
500 |a Record is based on bibliographic data in ProQuest U.S. Congressional Research Digital Collection (last viewed July 2010). Reuse except for individual research requires license from ProQuest, LLC. 
500 |a CRS Report. 
520 |a Examines constitutional standards the Supreme Court has articulated both for direct public aid to sectarian schools and for indirect aid by way of vouchers. Summarizes recent decisions involving voucher and voucher-related programs by State and lower Federal courts. 
500 |a Electronic resource. 
650 0 |a Judge-made law. 
650 0 |a Church and state. 
650 0 |a Federal aid to education. 
655 7 |a Electronic books.  |2 local 
710 2 |a ProQuest (Firm) 
776 0 8 |i Microfiche version:   |a Library of Congress. Congressional Research Service.  |t Education Vouchers: Constitutional Issues and Cases 
830 0 |a U.S. Congressional Research. 
856 4 0 |u http://proxy.library.tamu.edu/login?url=https://congressional.proquest.com/congcomp/getdoc?CRDC-ID=CRS-2002-AML-0103  |z Connect to the full text of this electronic book  |t 0 
999 |a MARS 
999 f f |s 29ab46ad-184b-30be-8203-45b8e25944df  |i 9eaf39dc-3e28-3d69-b1f3-832370d252c0  |t 0 
952 f f |a Texas A&M University  |b College Station  |c Electronic Resources  |s www_evans  |d Available Online  |t 0  |e CRS-2002-AML-0103  |h Other scheme 
998 f f |a CRS-2002-AML-0103  |t 0  |l Available Online